00678nam a2200157Ia 4500008004100000100002700041245009400068245011100162260005300273260001800326300000800344650001500352856006100367999001900428952007300447170221s9999 xx 000 0 und d aVictoria V. Prokhorova aLogistics Management as a Tool to Achieve Competitive Advantages of the Enterprise Trade  cVictoria V. Prokhorova, Oksana N. Kolomyts, Alyona I. Nenasheva, Nickolay A. Sholukha, Pavel G. Vashchenko bInternational Review of Management and Marketing cNovember 2014 a3:4 xMarketing. uhttp://www.econjournals.com/index.php/irmm/issue/view/86 c310239d310239 001040aCLbCLd2017-02-21l0r2017-02-21 00:00:00w2017-02-21yFOJ